| 000 | 01052cam a2200325 a 4500 | ||
|---|---|---|---|
| 001 | 3751410 | ||
| 005 | 20250717113212.0 | ||
| 008 | 820914s1983 maua b 001 0 eng | ||
| 010 | _a 82018030 | ||
| 020 | _a0262021854 | ||
| 020 | _a9780262021852 | ||
| 035 | _a3751410 | ||
| 040 |
_aDLC _cDLC _dDLC |
||
| 050 | 0 | 0 |
_aHF1411 _b.B468 1983 |
| 082 | 0 | 0 |
_a382 _bBHA |
| 100 | 1 |
_aBhagwati, Jagdish N., _d1934- _9129904 |
|
| 245 | 1 | 0 |
_aLectures on international trade / _cJagdish N. Bhagwati, T.N. Srinivasan. |
| 260 |
_aCambridge, Mass. : _bMIT Press, _cc1983. |
||
| 300 |
_axi, 414 p. : _bill. ; _c24 cm. |
||
| 336 |
_atext _btxt _2rdacontent |
||
| 337 |
_aunmediated _bn _2rdamedia |
||
| 338 |
_avolume _bnc _2rdacarrier |
||
| 504 | _aIncludes bibliographies and index. | ||
| 650 | 0 | _aInternational trade. | |
| 650 | 0 |
_aCommercial policy. _937182 |
|
| 700 | 1 |
_aSrinivasan, T. N., _d1933- _9129905 |
|
| 906 |
_a7 _bcbc _corignew _d1 _eocip _f19 _gy-gencatlg |
||
| 942 |
_2ddc _cBK |
||
| 999 |
_c614409 _d614409 |
||